Fundamentals of plant physiology : (Record no. 153526)

MARC details
000 -LEADER
fixed length control field 00649nam a22001937a 4500
005 - DATE AND TIME OF LATEST TRANSACTION
control field 20180706145246.0
010 ## - LCCN (DPL NO)
LC control number ENG-123398
020 ## - INTERNATIONAL STANDARD BOOK NUMBER
Terms of availability 495.00
International Standard Book Number 9789352533343
035 ## - SYSTEM CONTROL NUMBER
System control number EN-106930
037 ## - SOURCE OF ACQUISITION
Source of stock number/acquisition DBAD/PUB
082 ## - DEWEY DECIMAL CLASSIFICATION NUMBER
Classification number 581.1
100 ## - MAIN ENTRY--PERSONAL NAME
Personal name Jain, V.K.
245 00 - TITLE STATEMENT
Title Fundamentals of plant physiology :
Statement of responsibility, etc by V.K. Jain
Remainder of title for degree, postgraduate and various competitive examinations /
260 ## - PUBLICATION, DISTRIBUTION, ETC. (IMPRINT)
Place of publication, distribution, etc New Delhi
Name of publisher, distributor, etc S. Chand and Company
Date of publication, distribution, etc 2018
270 ## - ADDRESS
Address 7361, Ram Nagar,
City New Delhi
Postal code 110055
300 ## - PHYSICAL DESCRIPTION
Extent 723p.
Dimensions 24cm(pbk)
500 ## - GENERAL NOTE
General note It includes bibliographic references and glossary
942 ## - ADDED ENTRY ELEMENTS (KOHA)
Source of classification or shelving scheme Dewey Decimal Classification
Item type English Books
Call number suffix JAI
Classification part 581.1
Holdings
Withdrawn status Lost status Not for loan Collection code Home library Current library Date acquired Source of acquisition Cost, normal purchase price Full call number Barcode Copy number Cost, replacement price Koha item type
      Non-fiction Shahdara Branch Shahdara Branch 06/07/2018 DBAD/PUB 495.00 581.1 JAI EN-106930 1 495.00 English Books

© Delhi Public Library
Hit Counter
free hit counter